00408nam a2200157 4500003001100000005001700011008004100028020001500069040003900084041000800123082001300131100001700144110002100161245002400182260004400206LK-CoMWRAF20231230113259.0230828b1999 |||||||| |||| 00| 0 eng d a0195649362 aLK-CoMWRAFdLK-CoMWRAFeLK-CoMWRAF aeng a428bRAJ aRajeevan, K. aGunashekar, Paul aNew Wave : Primer B aNew YorkbOxford University Pressc1999